<?xml version="1.0" encoding="UTF-8"?>
<record
    xmlns:xsi="http://www.w3.org/2001/XMLSchema-instance"
    xsi:schemaLocation="http://www.loc.gov/MARC21/slim http://www.loc.gov/standards/marcxml/schema/MARC21slim.xsd"
    xmlns="http://www.loc.gov/MARC21/slim">

  <leader>00521nam a22001457a 4500</leader>
  <controlfield tag="003">OSt</controlfield>
  <controlfield tag="005">20240618105830.0</controlfield>
  <controlfield tag="008">240618b           ||||| |||| 00| 0 eng d</controlfield>
  <datafield tag="040" ind1=" " ind2=" ">
    <subfield code="c">AIMIT LIBRARY</subfield>
  </datafield>
  <datafield tag="100" ind1=" " ind2=" ">
    <subfield code="a">Vernekar, Manthan Shekhar</subfield>
    <subfield code="e">2116097</subfield>
    <subfield code="9">171088</subfield>
  </datafield>
  <datafield tag="245" ind1=" " ind2=" ">
    <subfield code="a">study on customer brand perception towards food products of Mallikarjun aromatics Pvt Ltd /</subfield>
    <subfield code="c">By Manthan Shekhar Vernekar</subfield>
  </datafield>
  <datafield tag="700" ind1=" " ind2=" ">
    <subfield code="a">Krishna, Vinay</subfield>
    <subfield code="e">Mentor</subfield>
    <subfield code="9">171089</subfield>
  </datafield>
  <datafield tag="856" ind1=" " ind2=" ">
    <subfield code="3">Mallikarjun Aromatics Pvt.Ltd</subfield>
    <subfield code="u">www.sumitrafoods.com</subfield>
  </datafield>
  <datafield tag="942" ind1=" " ind2=" ">
    <subfield code="2">ddc</subfield>
    <subfield code="c">PRO</subfield>
  </datafield>
  <datafield tag="999" ind1=" " ind2=" ">
    <subfield code="c">231206</subfield>
    <subfield code="d">231206</subfield>
  </datafield>
  <datafield tag="952" ind1=" " ind2=" ">
    <subfield code="0">0</subfield>
    <subfield code="1">0</subfield>
    <subfield code="2">ddc</subfield>
    <subfield code="4">0</subfield>
    <subfield code="7">1</subfield>
    <subfield code="8">PR_MBA</subfield>
    <subfield code="a">AIMIT</subfield>
    <subfield code="b">AIMIT</subfield>
    <subfield code="c">PRB</subfield>
    <subfield code="d">2024-06-18</subfield>
    <subfield code="l">0</subfield>
    <subfield code="p">PRB02106</subfield>
    <subfield code="r">2024-06-18 00:00:00</subfield>
    <subfield code="t">2116097</subfield>
    <subfield code="u">www.sumitrafoods.com</subfield>
    <subfield code="w">2024-06-18</subfield>
    <subfield code="y">PRO</subfield>
  </datafield>
</record>
